000
00310nam a2200133Ia 4500
008
150201s2008 xx 000 0 und d
082
_a
616.01
_b
P08B
100
_a
HAVEJA,CP
245
_a
PRACTICAL MICROBIOLOGY
250
_a
2ND
260
_b
ARYA PUB.
_a
DELHI
_c
2008
650
_a
MICROBIOLOGY
942
_2
ddc
_c
BK
999
_c
930
_d
930